00481nam a2200169Ia 4500003000400000008004100004040001600045082002000061100001600081245009000097700001900187260005100206300001200257650001500269650001000284650001700294GCL140319s9999 xx 000 0 eng d aGCL / cGCL04a621.312136bH W1 aHUNTER, RAY10aWind- Diesel systems: Aguide to the Techcology and its Implementation / cHUNTER, RAY1 aELLIOT, GEORGE a[S.N] : bCAMLRIDGE UNIVERSITY PRESS ، c1994 a249 P P04aWIND POWER04aWINDS04aDIESEL NOLOR